| 000 | 01723nam a2200289 i 4500 | ||
|---|---|---|---|
| 001 | 183048 | ||
| 003 | ES-MaACL | ||
| 005 | 20250806063142.0 | ||
| 008 | 140114s2011 sp a |||| | spa d | ||
| 017 |
_aM 19286-2011 _bOficina Depósito Legal Madrid |
||
| 080 | _a377.6(460.27 M.):738(091) | ||
| 100 | 1 |
_aAnasagasti Lozano, Isabel _eaut _9154163 |
|
| 245 | 1 | 3 |
_aLa Escuela de Cerámica de Madrid (1911-2011) / _c[autora texto, Isabel Anasagasti Lozano] |
| 260 |
_a[Madrid] : _bComunidad de Madrid, Dirección General de Educación Secundaria y Enseñanzas Profesionales : _bAyuntamiento de Madrid, Dirección General de Educación y Juventud, _c[2011] |
||
| 300 |
_a53 páginas : _bilustraciones (blanco y negro y color) ; _c21 cm + _e1 DVD-Vídeo / autor, Miguel Ángel Peña Marí |
||
| 520 | _aObra publicada con motivo del centenario de la fundación Escuela de Cerámica de Madrid, dentro de las actividades en memoria del fundador Francisco Alcántara y en homenaje a los profesionales, docentes, artistas y técnicos de una de las experiencias educativas, intelectuales y artísticas más innovadoras del siglo XX | ||
| 610 | 2 | 4 |
_aEscuela de Cerámica de la Moncloa- _vHistoria _9241586 |
| 610 | 2 | 4 |
_aEscuela de Arte Francisco Alcántara- _vHistoria _9154164 |
| 700 | 1 |
_9241587 _aPeña Marí, Miguel Ángel _eclb |
|
| 710 | 1 |
_aMadrid (Comunidad Autónoma) _eedt _95587 |
|
| 710 | 1 |
_aMadrid. _bAyuntamiento _eedt _9234069 |
|
| 852 |
_aES-MaACL _bR.149817 _cDEPO1 _dOlim: N-6008 _hDonación Comunidad de Madrid _jA-12008 _9189981 |
||
| 852 |
_aES-MaACL _cDEPO _hDonación Comunidad de Madrid _jROT 2/7/17 |
||
| 942 |
_2udc _cMONOGRAFIA _n0 |
||
| 999 |
_c183048 _d183048 |
||